• 首页
  • 本馆介绍
  • 公告通知
  • 最新文献
  • 馆藏检索
  • 电子资源
  • 读者导购
  • 参考咨询
  • 我的图书馆
  • 登录
  • 详细信息显示
  • 放入我的书架
  • 预约/预借图书
  • 作者相关作品
  • 分类相关作品
  • 丛书相关作品
  • 出版社相关作品

书目信息

  • 表格格式
  • 工作单格式
  • 卡片格式
题名:
走遍美国
    
 
作者: 周奇勋 主持改编 ;王维东 翻译注释
分册: 第二册  
出版信息: 北京   外语教学与研究出版社  1993.4
页数: 262页
开本: 26cm
丛书名:
单 册:
中图分类: H319.9 , H31
科图分类:
主题词: 英语--美国--广播电视教育--教材 , 英语
电子资源:
ISBN: 7-5600-0685-X
000 01016nam0 2200289 45
001 0193033822
005 20070622090348.62
010    @a7-5600-0685-X@dCNY26.00
100    @a19930807e1993 em y0chiy0121 ea
101 0  @achi@aeng
102    @aCN@b110000
105    @ay z 000yy
106    @ar
200 10 @a走遍美国@AZOU BIAN MEI GUO@dFamily album U.S.A@zeng@h第二册@f周奇勋主持改编@FZHOU QI XUN ZHU CHI GAI BIAN@g王维东等翻译注释
210    @a北京@c外语教学与研究出版社@d1993.4@h1993.5重印
215    @a262页@d26cm@e附录音带
300    @a电视英语教学节目
330    @a本教材是一部26集的电视连续剧。每集分三幕,每幕自成一个单元,表述一段有兴趣的小故事,而每集的三幕又将故事展开,构成一个有始有终的短剧。
510 1  @aFamily album U.S.A@zeng
606    @a英语@y美国@x广播电视教育@x教材
606 0  @a英语
690    @aH319.9@v三版
690    @aH31
701  0 @a周奇勋@AZHOU QI XUN@4主持改编
702  0 @a王维东@AWANG WEI DONG@4翻译注释
801  0 @aCN@bNLC@c20070622
905    @f1@b292820@dH31@e412:2
    
    走遍美国=Family album U.S.A.第二册/周奇勋主持改编/王维东等翻译注释.-北京:外语教学与研究出版社,1993.4(1993.5重印)
    262页;26cm+附录音带
    电视英语教学节目
    
    ISBN 7-5600-0685-X:CNY26.00
    本教材是一部26集的电视连续剧。每集分三幕,每幕自成一个单元,表述一段有兴趣的小故事,而每集的三幕又将故事展开,构成一个有始有终的短剧。
●
相关链接 在E读中查询图书 在五车中查询图书 在当当中查询图书 在豆瓣中查询图书


正题名:走遍美国     索取号:H31/412:2         预约/预借

序号 登录号 条形码 馆藏地/架位号 状态 备注
1 0273105   000944679   第四借阅区/ [索取号:H31/412:2] 在馆    
2 0292819   002928194   第四借阅区/ [索取号:H31/412:2] 在馆    
3 0292820   002928201   第四借阅区/ [索取号:H31/412:2] 在馆    
4 0292821   002928210   第四借阅区/ [索取号:H31/412:2] 在馆    
5 0292822   002928229   第四借阅区/ [索取号:H31/412:2] 在馆    
唐山师范学院图书馆 欢迎您!
大连网信软件有限公司© 版权所有